| 000 | 00900nam a2200301Ia 4500 | ||
|---|---|---|---|
| 003 | OSt | ||
| 005 | 20240416115133.0 | ||
| 008 | 210210b2008 xxu||||| |||| 00| 0 eng d | ||
| 020 | _a8177132431 | ||
| 040 | _cAL | ||
| 041 | _aKannada | ||
| 082 | _a630K KANA | ||
| 100 |
_aKANNADA PUSTAKA PRADHIKARA _dಕನ್ನಡ ಪುಸ್ತಕ ಪ್ರಾಧಿಕಾರ _9160612 |
||
| 245 |
_aAdavi jnanada ananya tota: aranya _bಅಡವಿ ಜ್ಞಾನದ ಅನನ್ಯ ತೋಟ : ಅರಣ್ಯ |
||
| 260 |
_aBengaluru _bKannada Pustaka Pradhikara _c2008 |
||
| 300 | _axvi,147 | ||
| 440 |
_a2 _9160613 |
||
| 650 |
_atota: _9160614 |
||
| 650 |
_asamputa _9160615 |
||
| 650 |
_ajnanada _9160616 |
||
| 650 |
_aaranya _9160617 |
||
| 650 |
_aananya _9160618 |
||
| 650 |
_aAdavi _9160619 |
||
| 650 |
_a2 _9160620 |
||
| 690 |
_aAgriculture _9160621 |
||
| 906 | _a064407 | ||
| 942 |
_2ddc _cBK |
||
| 999 |
_c116440 _d116440 |
||